[Event "XIII. DBMM 2013"]
[Site "?"]
[Date "2013.09.28"]
[Round "6.3"]
[White "Duckstein, Torsten"]
[Black "Gebert-Vangeel, Ralf"]
[Result "0-1"]
[WhiteElo "1944"]
[BlackElo "2059"]
[PlyCount "86"]
[EventDate "2013.01.19"]

1. e4 e5 2. d4 exd4 3. Qxd4 Nc6 4. Qe3 Bb4+ 5. Bd2 Qe7 6. Nc3 Nf6 7. f3 Bc5 8.
Qg5 d5 9. O-O-O dxe4 10. Nxe4 Nxe4 11. Qxe7+ Bxe7 12. fxe4 Bg4 13. Be2 Bxe2 14.
Nxe2 O-O-O 15. Bc3 Bg5+ 16. Kb1 f6 17. Nd4 Nxd4 18. Rxd4 Rxd4 19. Bxd4 Re8 20.
Re1 b6 21. g4 Bf4 22. h3 Bg3 23. Re3 Rd8 24. Rd3 Bf4 25. Bc3 Re8 26. Rd4 c5 27.
Rc4 Be3 28. a4 a6 29. e5 fxe5 30. Re4 Bf4 31. b4 Kd7 32. bxc5 bxc5 33. Be1 Rb8+
34. Ka2 Kd6 35. c4 Rb6 36. Bc3 Rb7 37. Ba1 g6 38. Re1 Rb4 39. Bc3 Rxc4 40. Kb3
Kd5 41. Rd1+ Rd4 42. Bxd4 exd4 43. h4 c4+ 0-1

[Event "XIII. DBMM 2013"]
[Site "?"]
[Date "2013.09.28"]
[Round "6.4"]
[White "Rath, Alina"]
[Black "Brandt, Axel"]
[Result "1-0"]
[WhiteElo "1998"]
[BlackElo "1525"]
[PlyCount "51"]
[EventDate "2013.01.19"]

1. c4 c5 2. Nc3 e6 3. e4 Nc6 4. g3 Nf6 5. Bg2 d6 6. Nge2 Be7 7. O-O O-O 8. d4
cxd4 9. Nxd4 Rb8 10. b3 a6 11. a4 d5 12. cxd5 exd5 13. Bf4 dxe4 14. Nxc6 bxc6
15. Qxd8 Rxd8 16. Bxb8 Bf5 17. Be5 Nd7 18. Bf4 Nc5 19. b4 Ne6 20. Rad1 Nd4 21.
Be3 Nf3+ 22. Bxf3 exf3 23. Rxd8+ Bxd8 24. Rc1 Bf6 25. b5 cxb5 26. axb5 1-0

[Event "XIII. DBMM 2013"]
[Site "?"]
[Date "2013.09.28"]
[Round "6.1"]
[White "Kettenburg, Stefan"]
[Black "Lutterbey, Ralf"]
[Result "1-0"]
[WhiteElo "2063"]
[BlackElo "1887"]
[PlyCount "85"]
[EventDate "2013.01.19"]

1. d4 d5 2. Nf3 Nf6 3. c4 e6 4. cxd5 exd5 5. Nc3 c6 6. Bg5 Qb6 7. Bxf6 Qxb2 8.
Qc1 Qxc1+ 9. Rxc1 gxf6 10. Nxd5 cxd5 11. Rxc8+ Kd7 12. Rc2 Bb4+ 13. Nd2 Na6 14.
e3 Rac8 15. Bd3 Rxc2 16. Bxc2 Ke6 17. Ke2 Bd6 18. Bb3 f5 19. Rc1 h5 20. h4 Nc7
21. Nf3 f6 22. Ne1 Rg8 23. g3 Rg7 24. Nd3 a6 25. Kd2 Re7 26. Bd1 Rh7 27. Bf3
Kd7 28. Rb1 Kc6 29. Nb2 b5 30. Rc1+ Kd7 31. Nd3 Rh6 32. Kc2 Rh7 33. Kb3 Re7 34.
Bxh5 Bxg3 35. Nc5+ Kd8 36. fxg3 Rxe3+ 37. Rc3 Re1 38. Bg6 Rf1 39. h5 a5 40.
Nb7+ Kd7 41. Nxa5 Ne6 42. Rd3 Rb1+ 43. Kc2 1-0

[Event "XIII. DBMM 2013"]
[Site "?"]
[Date "2013.09.28"]
[Round "6.2"]
[White "Klowski, Bjoern Sigurd"]
[Black "Baranowsky, Peter"]
[Result "0-1"]
[WhiteElo "1400"]
[BlackElo "1967"]
[PlyCount "84"]
[EventDate "2013.01.19"]

1. d4 d5 2. c4 c6 3. e3 Nf6 4. Nc3 e6 5. Bd3 dxc4 6. Bxc4 b5 7. Bd3 Nbd7 8. Nf3
Bb7 9. O-O a6 10. Bd2 c5 11. dxc5 Nxc5 12. Be2 Bd6 13. Rc1 O-O 14. Nd4 Qb6 15.
b4 Nce4 16. a3 Rfd8 17. Nxe4 Nxe4 18. Bc3 Nxc3 19. Rxc3 e5 20. Nc2 Bxb4 21. Rd3
Be7 22. Qd2 Be4 23. Rxd8+ Rxd8 24. Qc3 Bxc2 25. Qxc2 Bxa3 26. Qe4 Qc5 27. Bd3
g6 28. h4 f5 29. Qb7 Rxd3 30. Qb8+ Kg7 31. Qb7+ Kh6 32. Qxa6 e4 33. Rb1 b4 34.
Qf6 Rc3 35. g3 Rc1+ 36. Rxc1 Qxc1+ 37. Kg2 b3 38. h5 Qc7 39. hxg6 hxg6 40. Qh8+
Qh7 41. Qa1 b2 42. Qb1 Qc7 0-1

[Event "XIII. DBMM 2013"]
[Site "?"]
[Date "2013.09.28"]
[Round "6.3"]
[White "Bockelmann, Rolf"]
[Black "Hoffmann, Frank"]
[Result "0-1"]
[WhiteElo "1834"]
[BlackElo "1521"]
[PlyCount "126"]
[EventDate "2013.01.19"]

1. e4 c6 2. c4 d5 3. exd5 cxd5 4. cxd5 Qxd5 5. Nc3 Qa5 6. d4 Nf6 7. Nf3 h6 8.
h3 Bf5 9. Bd2 Qd8 10. Rc1 a6 11. Qa4+ Nbd7 12. Be2 b5 13. Qb3 e6 14. O-O Bd6
15. Nh4 Bh7 16. f4 Ne4 17. Nxe4 Bxe4 18. Bh5 Qxh4 19. Qxe6+ Qe7 20. Qxe4 Qxe4
21. Rfe1 Qxe1+ 22. Rxe1+ Kf8 23. Rc1 g6 24. Bf3 Rb8 25. Rc6 Rb6 26. Rc8+ Kg7
27. Rc1 b4 28. Be3 Re8 29. Kf2 Rbb8 30. Rc6 Bf8 31. Rxa6 Nf6 32. d5 Ne4+ 33.
Kg1 Bc5 34. Bxc5 Nxc5 35. Ra5 Nd3 36. d6 Nxb2 37. Ra7 Nc4 38. d7 Red8 39. Rc7
Nb6 40. Bc6 Kf6 41. Kf2 Ke6 42. Ra7 Nxd7 43. Ra6 Ke7 44. Ra7 Kd6 45. Bf3 Rdc8
46. Ra6+ Rb6 47. Ra5 Nc5 48. Ra7 Ke6 49. Bg4+ f5 50. Bf3 Nd3+ 51. Kg3 Nc1 52.
Rg7 Kf6 53. Ra7 Rd8 54. Ra5 Ke6 55. Re5+ Kf6 56. Ra5 Rd2 57. Ra8 Nxa2 58. Rf8+
Kg7 59. Rc8 b3 60. Rc7+ Kf6 61. Ra7 Nc3 62. Rc7 Ne4+ 63. Kh4 b2 0-1

[Event "XIII. DBMM 2013"]
[Site "?"]
[Date "2013.09.28"]
[Round "6.4"]
[White "Duemmler, Rudolf"]
[Black "Warnest, Stefan"]
[Result "1/2-1/2"]
[WhiteElo "1169"]
[BlackElo "1460"]
[PlyCount "73"]
[EventDate "2013.01.19"]

1. c4 e5 2. Nc3 Nf6 3. Nf3 Nc6 4. d4 exd4 5. Nxd4 Bb4 6. Bg5 O-O 7. e3 h6 8.
Bh4 Bxc3+ 9. bxc3 d6 10. Bd3 Nxd4 11. cxd4 c6 12. O-O d5 13. Qc2 dxc4 14. Bxc4
Qd6 15. Rad1 Re8 16. Bg3 Qe7 17. Bd3 Bg4 18. Rde1 Nd5 19. Bc4 Be6 20. Bb3 Nb4
21. Qb1 {(=)} Bxb3 22. Qxb3 Nd5 23. Rc1 Nf6 24. Rc5 Ne4 25. Re5 Qd7 26. Rd1
Nxg3 27. Rxe8+ Rxe8 28. hxg3 b6 29. f3 Qd6 30. Kf2 Kf8 31. Qd3 g6 32. Qa6 Qe7
33. Re1 f5 34. Qd3 Qe6 35. Re2 b5 36. Qa3+ Qe7 37. Qd3 1/2-1/2

[Event "XIII. DBMM 2013"]
[Site "?"]
[Date "2013.09.28"]
[Round "6.1"]
[White "Decker, Ingo"]
[Black "Lange, Ronney"]
[Result "0-1"]
[WhiteElo "1696"]
[BlackElo "1400"]
[PlyCount "66"]
[EventDate "2013.01.19"]

1. e4 c5 2. f4 e5 3. d3 Nc6 4. Nf3 d6 5. f5 Nf6 6. c3 Be7 7. Be2 O-O 8. O-O c4
9. Na3 cxd3 10. Bxd3 d5 11. Qe2 dxe4 12. Bxe4 Nxe4 13. Qxe4 Qc7 14. Nc4 f6 15.
b4 a6 16. Be3 b5 17. Nb6 Rb8 18. Nd5 Qd7 19. g4 Bb7 20. Rad1 Qc8 21. Qc2 Kh8
22. Nxe7 Nxe7 23. Bc5 Re8 24. Bxe7 Rxe7 25. Qd2 Rc7 26. Rc1 Rc4 27. h3 Qc6 28.
g5 Rf4 29. Rcd1 Qb6+ 30. Kg2 Rxf5 31. Kg3 Bxf3 32. gxf6 gxf6 33. Rxf3 Rg8+ 0-1

[Event "XIII. DBMM 2013"]
[Site "?"]
[Date "2013.09.28"]
[Round "6.2"]
[White "Helps, Ian Malcolm"]
[Black "Jacobsen, Ruediger"]
[Result "0-1"]
[WhiteElo "1400"]
[BlackElo "1532"]
[PlyCount "116"]
[EventDate "2013.01.19"]

1. d4 Nf6 2. c4 g6 3. Nf3 Bg7 4. Bf4 d6 5. e3 O-O 6. Bd3 Re8 7. O-O Nbd7 8. Nc3
c6 9. Ne4 Nf8 10. Nxf6+ exf6 11. h4 Bg4 12. Be2 Ne6 13. Nh2 Bxe2 14. Qxe2 Nxf4
15. Qf3 Ne6 16. h5 Ng5 17. Qg4 f5 18. Qh4 Nf3+ 19. Nxf3 Qxh4 20. Nxh4 c5 21.
hxg6 fxg6 22. Rad1 Re4 23. Nf3 Bf6 24. b3 b6 25. dxc5 dxc5 26. Rd7 Re7 27. Rfd1
Rae8 28. Rxe7 Rxe7 29. Ne1 Kf7 30. Nc2 Ke8 31. Kf1 h6 32. a4 g5 33. b4 Re4 34.
bxc5 Rxc4 35. Na3 Rxa4 36. Nb5 bxc5 37. Nd6+ Kf8 38. Nxf5 h5 39. Rc1 Ra1 40.
Rxa1 Bxa1 41. Nd6 g4 42. g3 Bc3 43. Ke2 a5 44. Kd3 Bb4 45. Kc4 a4 46. Nb5 a3
47. Nc3 Kf7 48. Na2 Ke6 49. Kd3 Ke5 50. e4 Ba5 51. Ke3 c4 52. f4+ gxf3 53. Kxf3
Bb6 54. g4 hxg4+ 55. Kxg4 Kxe4 56. Kg3 Kd3 57. Kf3 Ba5 58. Kf2 Kc2 0-1

[Event "XIII. DBMM 2013"]
[Site "?"]
[Date "2013.09.28"]
[Round "6.3"]
[White "Jakob, Heinz"]
[Black "Van Eibergen, Robert"]
[Result "1/2-1/2"]
[WhiteElo "1590"]
[BlackElo "1321"]
[PlyCount "74"]
[EventDate "2013.01.19"]

1. e4 c5 2. Bc4 e6 3. Nf3 d6 4. Nc3 Nf6 5. d3 Nc6 6. a3 a6 7. O-O Be7 8. Ba2 b5
9. Ne2 O-O 10. h3 d5 11. exd5 Nxd5 12. Re1 Nb6 13. c3 Qc7 14. Bf4 Bd6 15. Bxd6
Qxd6 16. Qc2 Qe7 17. Rad1 Bb7 18. Bb1 g6 19. Ng3 Qf6 20. Ne4 Qe7 21. Qc1 f5 22.
Neg5 Nd8 23. Ne5 Qf6 24. Ba2 Bc8 25. h4 Ra7 26. Ngf3 Kg7 27. d4 c4 28. b3 Bb7
29. bxc4 Bxf3 30. Nxf3 bxc4 31. g3 Rh8 32. Ne5 Rc7 33. Qb2 Rb7 34. Qe2 h6 35.
Nxc4 g5 36. h5 Nd5 37. Rc1 Re7 1/2-1/2

[Event "XIII. DBMM 2013"]
[Site "?"]
[Date "2013.09.28"]
[Round "6.1"]
[White "Urban, Ralf-Dieter"]
[Black "Scharrer, Udo"]
[Result "1-0"]
[WhiteElo "2057"]
[BlackElo "2036"]
[PlyCount "73"]
[EventDate "2013.01.19"]

1. e4 c5 2. Nf3 Nc6 3. d4 cxd4 4. Nxd4 Nf6 5. Nc3 e5 6. Ndb5 d6 7. Bg5 a6 8.
Bxf6 gxf6 9. Na3 b5 10. Nd5 Bg7 11. g3 f5 12. exf5 Bxf5 13. Qf3 Bd7 14. Bg2 O-O
15. c3 f5 16. O-O e4 17. Qe3 Be6 18. Nf4 Bf7 19. Rfd1 d5 20. Nc2 b4 21. Nxd5
Bxd5 22. c4 Bxb2 23. Rab1 Bc3 24. cxd5 Ne5 25. Nxb4 Bxb4 26. Rxb4 Nd3 27. Rb7
Rb8 28. Rxb8 Qxb8 29. f3 f4 30. gxf4 Qb2 31. fxe4 Nxf4 32. Qd2 Qg7 33. Kh1 Qa7
34. Qd4 Qd7 35. Rg1 Ng6 36. e5 Rf4 37. Qxf4 1-0

[Event "XIII. DBMM 2013"]
[Site "?"]
[Date "2013.09.28"]
[Round "6.2"]
[White "Karthaus, Carsten"]
[Black "Schroeder, Kai"]
[Result "1/2-1/2"]
[WhiteElo "1965"]
[BlackElo "1786"]
[PlyCount "47"]
[EventDate "2013.01.19"]

1. e4 e6 2. d4 d5 3. exd5 exd5 4. Bd3 Bd6 5. Ne2 Ne7 6. O-O O-O 7. Bf4 Bf5 8.
Nbc3 Bxd3 9. Qxd3 c6 10. Nd1 Qc7 11. Bxd6 Qxd6 12. Ne3 Nd7 13. Rfe1 Nf6 {(=)}
14. Ng3 Rfe8 15. Nef5 Nxf5 16. Nxf5 Qd7 17. f3 g6 18. Ne3 Re6 19. Kf2 Rae8 20.
c3 Kg7 21. Nc2 Rxe1 22. Rxe1 Rxe1 23. Nxe1 Qe7 24. Qe3 1/2-1/2

[Event "XIII. DBMM 2013"]
[Site "?"]
[Date "2013.09.28"]
[Round "6.3"]
[White "Figger, Udo"]
[Black "Wepfer, Bernd"]
[Result "0-1"]
[WhiteElo "1906"]
[BlackElo "1897"]
[PlyCount "60"]
[EventDate "2013.01.19"]

1. Nc3 c5 2. d4 cxd4 3. Qxd4 Nc6 4. Qh4 Nf6 5. Bg5 e6 6. Nf3 Be7 7. e4 d6 8.
O-O-O Qa5 9. Bb5 a6 10. Bxc6+ bxc6 11. Rhe1 e5 12. Rxd6 Bxd6 13. Bxf6 O-O 14.
Ng5 h6 15. Bxg7 Kxg7 16. Re3 f6 17. Nh3 Qd8 18. Rg3+ Kh7 19. f4 exf4 20. Nxf4
f5 21. Rh3 Qxh4 22. Rxh4 fxe4 23. Nfe2 e3 24. Re4 Rf1+ 25. Nd1 Bf5 26. Rxe3
Bxh2 27. Re7+ Kg6 28. g3 Rd8 29. Nf4+ Kf6 30. Re2 Rdxd1# 0-1

[Event "XIII. DBMM 2013"]
[Site "?"]
[Date "2013.09.28"]
[Round "6.4"]
[White "Bangert, Udo"]
[Black "Rulfs, Ernst-August"]
[Result "1-0"]
[WhiteElo "1895"]
[BlackElo "1615"]
[PlyCount "43"]
[EventDate "2013.01.19"]

1. e4 e6 2. d3 d5 3. Nd2 c5 4. g3 Nc6 5. Bg2 g6 6. c3 Bg7 7. Ngf3 Nge7 8. O-O
O-O 9. Nh4 d4 10. c4 e5 11. f4 f5 12. Nhf3 fxe4 13. Nxe4 b6 14. Nxe5 Nxe5 15.
fxe5 Bxe5 16. Nf6+ Bxf6 17. Bxa8 Bh3 18. Bg2 Bf5 19. Bh6 Bg7 20. Bxg7 Kxg7 21.
Qd2 Nc6 22. Bxc6 1-0

[Event "XIII. DBMM 2013"]
[Site "?"]
[Date "2013.09.28"]
[Round "6.3"]
[White "Hueners, Rolf"]
[Black "Mayer, Herbert"]
[Result "0-1"]
[WhiteElo "1400"]
[BlackElo "1992"]
[PlyCount "84"]
[EventDate "2013.01.19"]

1. d4 d5 2. e3 Nf6 3. h3 g6 4. b3 Bg7 5. Bb2 O-O 6. Bd3 Nbd7 7. Nf3 c5 8. c4
dxc4 9. Bxc4 Nb6 10. Nbd2 Nxc4 11. Nxc4 b5 12. Nce5 Qa5+ 13. Qd2 Qxd2+ 14. Nxd2
Bb7 15. O-O Rfd8 16. Rac1 cxd4 17. Bxd4 Ne8 18. Ndf3 f6 19. Nc6 Rd7 20. Nxa7
Bxf3 21. Nxb5 Be2 22. Nc3 Bxf1 23. Kxf1 f5 24. Bxg7 Kxg7 25. a4 Rb7 26. Rb1 Nd6
27. f3 Rab8 28. a5 Rxb3 29. Rxb3 Rxb3 30. Nd5 Kf7 31. a6 Nb5 32. e4 Ra3 33.
exf5 gxf5 34. f4 Rxa6 35. g4 fxg4 36. hxg4 Nd6 37. Ke2 Ra3 38. Nb6 Rb3 39. Na4
Nc4 40. Nc5 Rg3 41. g5 Kg6 42. Ne4 Re3+ 0-1

[Event "XIII. DBMM 2013"]
[Site "?"]
[Date "2013.09.28"]
[Round "6.3"]
[White "Mueller, Gerd"]
[Black "Mikoteit, Siegfried"]
[Result "1-0"]
[WhiteElo "1809"]
[BlackElo "1327"]
[PlyCount "31"]
[EventDate "2013.01.19"]

1. e4 c5 2. Nf3 d6 3. d4 cxd4 4. Nxd4 Nf6 5. Nc3 e6 6. Be2 a6 7. Be3 Be7 8. O-O
O-O 9. Qd2 Nbd7 10. Rad1 Qc7 11. f4 Nc5 12. Bf3 b5 13. e5 Nd5 14. Bxd5 exd5 15.
Nxd5 Qd8 16. Nc6 1-0

[Event "XIII. DBMM 2013"]
[Site "?"]
[Date "2013.09.28"]
[Round "6.4"]
[White "Waltz, Juergen"]
[Black "Riess, Bernhard"]
[Result "1/2-1/2"]
[WhiteElo "1400"]
[BlackElo "1577"]
[PlyCount "44"]
[EventDate "2013.01.19"]

1. b3 c6 2. Bb2 d5 3. e3 Bf5 4. Nf3 e6 5. a3 Nd7 6. Nc3 Rc8 7. Rc1 Ngf6 8. d4
Be7 9. h3 h6 10. Bd3 Bxd3 11. Qxd3 O-O 12. O-O b6 13. Rfe1 c5 14. e4 dxe4 15.
Nxe4 Nxe4 16. Rxe4 Nf6 17. Re3 cxd4 18. Nxd4 Bc5 19. Rg3 Nh5 20. Rf3 Nf6 21.
Rg3 Nh5 22. Rg4 Nf6 1/2-1/2

[Event "XIII. DBMM 2013"]
[Site "?"]
[Date "2013.09.29"]
[Round "7.1"]
[White "Segerberg, Tomas"]
[Black "Prusikin, Michael"]
[Result "0-1"]
[WhiteElo "1996"]
[BlackElo "2555"]
[PlyCount "78"]
[EventDate "2013.01.19"]

1. c4 e5 2. Nc3 Nc6 3. Nf3 Nf6 4. a3 g6 5. d4 exd4 6. Nxd4 Bg7 7. Nxc6 bxc6 8.
g3 O-O 9. Bg2 Rb8 10. O-O c5 11. Qa4 a6 12. Rb1 d6 13. b4 Qe7 14. Bg5 Qe5 15.
Bxf6 Bxf6 16. Nd5 cxb4 17. Nxf6+ Qxf6 18. Rxb4 Bg4 19. Bf3 Bxf3 20. exf3 Qxf3
21. Qxa6 Ra8 22. Qb7 Qxa3 23. Rfb1 Ra7 24. Qd5 Ra5 25. Qc6 Rc5 26. Qe4 Qc3 27.
Kg2 Qe5 28. Qd3 Qe6 29. Kg1 Kg7 30. Qd4+ Qe5 31. Rd1 Qxd4 32. Rxd4 Ra8 33. Rf4
Ra2 34. h4 f5 35. Kg2 Rc2 36. Ra4 Kf6 37. g4 Ke5 38. Kg3 Rc3+ 39. f3 Rc1 0-1

[Event "XIII. DBMM 2013"]
[Site "?"]
[Date "2013.09.29"]
[Round "7.2"]
[White "Guth, Thomas"]
[Black "Lichtenstern, Elmar"]
[Result "1-0"]
[WhiteElo "2283"]
[BlackElo "2127"]
[PlyCount "145"]
[EventDate "2013.01.19"]

1. e4 e6 2. d3 d5 3. Nd2 Nf6 4. Ngf3 c5 5. g3 dxe4 6. dxe4 b6 7. c3 Bb7 8. Qc2
Be7 9. Bb5+ Nfd7 10. O-O O-O 11. Rd1 Qc7 12. Nc4 a6 13. Bf4 Qc8 14. Bxd7 Nxd7
15. Bd6 Bxd6 16. Nxd6 Qc6 17. Nxb7 Qxb7 18. Qd3 Ra7 19. Rd2 Nf6 20. e5 c4 21.
Qxc4 Qxf3 22. exf6 Qxf6 23. Qd4 Qxd4 24. Rxd4 Rb8 25. Rad1 Kf8 26. Kf1 Ke7 27.
Ke2 Rc7 28. Rg4 g6 29. Rh4 h5 30. Rhd4 Rbb7 31. Ra4 a5 32. Rad4 Rc5 33. R1d3
Rbc7 34. h4 Rb5 35. Rd2 Re5+ 36. Kf3 g5 37. hxg5 Rxg5 38. Ke3 Re5+ 39. Kf3 Rf5+
40. Kg2 b5 41. a4 bxa4 42. Rxa4 Rb5 43. c4 Rf5 44. b3 Rcc5 45. Ra1 Rc7 46. Rda2
Rcc5 47. f4 Kd6 48. Kf3 Kc6 49. Ke4 Kb6 50. Rd2 Kc7 51. Rd4 Kc8 52. Rad1 Kb7
53. Rd8 Rc8 54. R1d7+ Rc7 55. Rxc7+ Kxc7 56. Rh8 Kd7 57. Kd4 Kc6 58. Rc8+ Kb6
59. Rb8+ Kc7 60. Rh8 Kc6 61. Rc8+ Kb6 62. Rh8 Kc6 63. Ke4 Rc5 64. Rc8+ Kb6 65.
Rxc5 Kxc5 66. Ke5 Kb4 67. Kf6 Kxb3 68. c5 a4 69. c6 a3 70. c7 a2 71. c8=Q a1=Q+
72. Kxf7 Qe1 73. Qxe6+ 1-0

[Event "XIII. DBMM 2013"]
[Site "?"]
[Date "2013.09.29"]
[Round "7.3"]
[White "Jachs, Walter"]
[Black "Schramm, Christian"]
[Result "0-1"]
[WhiteElo "2029"]
[BlackElo "2396"]
[PlyCount "58"]
[EventDate "2013.01.19"]

1. e4 c5 2. c3 g6 3. d4 cxd4 4. cxd4 d5 5. exd5 Nf6 6. Bb5+ Nbd7 7. d6 e6 8.
Nc3 a6 9. Be2 Qb6 10. Nf3 Qxd6 11. O-O Bg7 12. Re1 O-O 13. Ne5 Nxe5 14. dxe5
Qxe5 15. Bxa6 Qa5 16. Bc4 Rd8 17. Qe2 Bd7 18. Bf4 Bc6 19. Be5 Nd7 20. Bxg7 Kxg7
21. Rad1 Nf6 22. Rxd8 Rxd8 23. Rd1 Qg5 24. g3 Rxd1+ 25. Qxd1 Ng4 26. Be2 h5 27.
h3 Nf6 28. h4 Qf5 29. Bd3 Qh3 0-1

[Event "XIII. DBMM 2013"]
[Site "?"]
[Date "2013.09.29"]
[Round "7.4"]
[White "Buescher, Henrik"]
[Black "Liefrink, Feike"]
[Result "0-1"]
[WhiteElo "2112"]
[BlackElo "2065"]
[PlyCount "104"]
[EventDate "2013.01.19"]

1. d4 d5 2. e3 Nf6 3. f4 e6 4. Nf3 c5 5. c3 Be7 6. Bd3 Nc6 7. O-O O-O 8. Nbd2
Ng4 9. Qe1 f5 10. Ne5 Ngxe5 11. fxe5 Bd7 12. Kh1 {(=)} Be8 13. Qe2 h5 14. Nf3
g6 15. Bd2 Kg7 16. Be1 g5 17. Ng1 g4 18. Bg3 Bg6 19. Qd2 h4 20. Bf4 Rh8 21.
Rac1 Qa5 22. Ra1 Bh5 23. Be2 Rag8 24. Bd3 c4 25. Bc2 a6 26. Ne2 Nd8 27. b3 b5
28. a4 b4 29. bxc4 dxc4 30. e4 h3 31. Ng3 b3 32. Bb1 fxe4 33. Bxe4 Bg6 34. Bxg6
Kxg6 35. Qe2 hxg2+ 36. Qxg2 Qd5 37. Ne4 Rh4 38. Bg3 Rh5 39. Rf4 Kh7 40. Kg1 Rh6
41. Qe2 Rhg6 42. Nf2 Bg5 43. Rxg4 Nf7 44. Re4 Nh6 45. Nh3 Nf5 46. Rf1 Nxg3 47.
Rf7+ Kh8 48. hxg3 Bh6 49. g4 b2 50. Rf1 Bc1 51. Nf4 Rxg4+ 52. Kf2 Rxf4+ 0-1

[Event "XIII. DBMM 2013"]
[Site "?"]
[Date "2013.09.29"]
[Round "7.1"]
[White "Behrendt, Clemens"]
[Black "Urban, Ralf-Dieter"]
[Result "1-0"]
[WhiteElo "2090"]
[BlackElo "2057"]
[PlyCount "69"]
[EventDate "2013.01.19"]

1. Nf3 Nf6 2. g3 c5 3. Bg2 Nc6 4. O-O e6 5. b3 Be7 6. Bb2 O-O 7. d4 cxd4 8.
Nxd4 d5 9. c4 Nxd4 10. Qxd4 Qc7 11. cxd5 exd5 12. Nc3 Bc5 13. Nxd5 Bxd4 14.
Nxc7 Bxb2 15. Nxa8 Bxa1 16. Rxa1 Bg4 17. Bxb7 Rb8 18. Bg2 Bxe2 19. Nc7 Rd8 20.
Re1 Rd2 21. Nd5 Nxd5 22. Bxd5 Kf8 23. b4 Bg4 24. Bc6 Be6 25. a4 Ke7 26. Kg2 Kd8
27. Bf3 Bb3 28. a5 Rb2 29. Re2 Rb1 30. Be4 Rd1 31. Rb2 Bd5 32. Bxd5 Rxd5 33. b5
Kc7 34. Kf3 a6 35. bxa6 1-0

[Event "XIII. DBMM 2013"]
[Site "?"]
[Date "2013.09.29"]
[Round "7.2"]
[White "Schroeder, Kai"]
[Black "Liebersbach, Siegmund"]
[Result "1/2-1/2"]
[WhiteElo "1786"]
[BlackElo "1730"]
[PlyCount "78"]
[EventDate "2013.01.19"]

1. e4 c5 2. Nc3 d6 3. f4 Nc6 4. Bb5 a6 5. Bxc6+ bxc6 6. Nf3 e6 7. O-O d5 8. e5
c4 9. b3 Bc5+ 10. Kh1 cxb3 11. axb3 Nh6 12. Ba3 Qe7 13. Bxc5 Qxc5 14. Na4 Qa7
15. d4 a5 16. Nc5 Qb6 17. Nh4 O-O 18. Ra4 Ba6 19. Re1 Qd8 20. Qh5 Bb5 21. Raa1
Qe7 22. Re3 f5 23. h3 Nf7 24. Rg3 Nh8 25. Nf3 Be2 26. Qg5 Rf7 27. Qh6 Ng6 28.
Qg5 Bxf3 29. gxf3 Qxg5 30. fxg5 Nf8 31. Ra4 Rfa7 32. Rg1 Kf7 33. Rga1 Ng6 34.
Nd3 Ne7 35. Kg2 Nc8 36. b4 axb4 37. Rxa7+ Rxa7 38. Rxa7+ Nxa7 39. Nxb4 Ke7
1/2-1/2

[Event "XIII. DBMM 2013"]
[Site "?"]
[Date "2013.09.29"]
[Round "7.3"]
[White "Uhlarz, Joerg"]
[Black "Figger, Udo"]
[Result "1-0"]
[WhiteElo "1753"]
[BlackElo "1906"]
[PlyCount "59"]
[EventDate "2013.01.19"]

1. d4 b5 2. e4 Bb7 3. Bd3 Nf6 4. f3 a6 5. Ne2 e6 6. O-O c5 7. c4 cxd4 8. cxb5
Bc5 9. Na3 axb5 10. Nxb5 Nc6 11. Bf4 e5 12. Bg3 Ba6 13. a4 Nb4 14. Kh1 d6 15.
f4 Ng4 16. Qb3 Nxd3 17. Qxd3 O-O 18. fxe5 dxe5 19. h3 Ne3 20. Rfc1 Qe7 21. Ng1
Rfb8 22. Nf3 f6 23. Nd2 Rb7 24. Nc4 Rab8 25. Nxe3 dxe3 26. Qd5+ Kf8 27. Rxc5
Rd7 28. Qc4 e2 29. Rd5 Rc7 30. Qxc7 1-0

[Event "XIII. DBMM 2013"]
[Site "?"]
[Date "2013.09.29"]
[Round "7.4"]
[White "Rulfs, Ernst-August"]
[Black "Nitsch, Norbert"]
[Result "0-1"]
[WhiteElo "1615"]
[BlackElo "1738"]
[PlyCount "60"]
[EventDate "2013.01.19"]

1. c4 c5 2. Nc3 Nc6 3. g3 b6 4. Nf3 Bb7 5. Bg2 Ne5 6. O-O Nxc4 7. d4 cxd4 8.
Qxd4 Na5 9. Qf4 Nf6 10. b4 Nc6 11. Ng5 h6 12. Nge4 Nxe4 13. Nxe4 Qb8 14. Qe3
Nxb4 15. Nd6+ Qxd6 16. Bxb7 Rd8 17. Ba3 Qc7 18. Be4 Nc6 19. Rac1 e6 20. Bxf8
Kxf8 21. Qf3 d5 22. Bg6 Rd7 23. Rc2 Qd6 24. Rfc1 Ne5 25. Rc8+ Ke7 26. Qc3 Rxc8
27. Qxc8 fxg6 28. Qh8 Kf6 29. Rc8 Nf7 30. Rg8 Nxh8 0-1

[Event "XIII. DBMM 2013"]
[Site "?"]
[Date "2013.09.29"]
[Round "7.1"]
[White "Jonnek, Thomas"]
[Black "Eisermann, Daniel"]
[Result "0-1"]
[WhiteElo "2003"]
[BlackElo "1941"]
[PlyCount "96"]
[EventDate "2013.01.19"]

1. d4 d5 2. Nf3 Nf6 3. Bf4 e6 4. e3 c5 5. c3 Nc6 6. Nbd2 cxd4 7. exd4 Bd6 8.
Bg3 O-O 9. Bd3 a6 10. a4 Re8 11. O-O Bxg3 12. hxg3 e5 13. dxe5 Nxe5 14. Nxe5
Rxe5 15. Nf3 Bg4 16. Qb3 Bxf3 17. gxf3 Qd7 18. Kg2 Rae8 19. Qb4 h6 {(=)} 20.
Rad1 Qc6 21. Qd4 Qc8 22. Rh1 Qc6 23. Bf1 R5e7 24. Rd2 Re5 25. Bd3 R5e7 26. Rhd1
Re5 27. Bf1 R5e7 28. Qf4 Re5 29. Rd4 Nh5 30. Qd2 Nf6 31. Bd3 Qe6 32. Rb4 Qc6
33. Bf1 R5e7 34. Qd4 Qc8 35. Bd3 Qc7 36. Rh1 Re6 37. Bf5 Re5 38. g4 g6 39. Bd3
h5 40. Qf4 Kg7 41. Qg3 Qe7 42. g5 Ne4 43. Rxe4 dxe4 44. f4 exd3 45. fxe5 Qxe5
46. Rd1 Qd5+ 47. Kh2 d2 48. Qf4 Re1 0-1

[Event "XIII. DBMM 2013"]
[Site "?"]
[Date "2013.09.29"]
[Round "7.2"]
[White "Mayer, Herbert"]
[Black "Wittfoth, Kai-Uve"]
[Result "0-1"]
[WhiteElo "1992"]
[BlackElo "2139"]
[PlyCount "78"]
[EventDate "2013.01.19"]

1. f4 d5 2. b3 Bg4 3. Bb2 e6 4. g3 h5 5. Bg2 Nc6 6. h3 Bf5 7. Nf3 Nf6 8. d3 Bc5
9. Nbd2 Qe7 10. Nf1 a5 11. d4 Bb4+ 12. c3 Bd6 13. Ne5 Ne4 14. Bxe4 Bxe4 15. Nf3
h4 16. e3 g5 17. Bc1 a4 18. bxa4 hxg3 19. Nxg3 gxf4 20. exf4 Qf6 21. Nxe4 dxe4
22. Ne5 Qh4+ 23. Kf1 Bxe5 24. dxe5 Qg3 25. Qe2 Rxh3 26. Rxh3 Qxh3+ 27. Qg2
Qxg2+ 28. Kxg2 Rxa4 29. Kf2 Ne7 30. a3 Nd5 31. Rb1 b6 32. Rb3 Kd7 33. Ke2 Kc6
34. Kd1 Kc5 35. Kc2 Kc4 36. Bd2 e3 37. Be1 Nxf4 38. Rb4+ Rxb4 39. cxb4 Nd3 0-1

[Event "XIII. DBMM 2013"]
[Site "?"]
[Date "2013.09.29"]
[Round "7.3"]
[White "Steinkraus, Hans-Guenter"]
[Black "Mueller, Gerd"]
[Result "0-1"]
[WhiteElo "1657"]
[BlackElo "1809"]
[PlyCount "68"]
[EventDate "2013.01.19"]

1. e4 c5 2. Nc3 Nc6 3. g3 g6 4. d3 Bg7 5. Bd2 Nf6 6. h3 d5 7. exd5 Nxd5 8. Bg2
e6 9. Nge2 O-O 10. O-O Nd4 11. Nxd4 cxd4 12. Nxd5 exd5 13. Qf3 Be6 14. Rac1 Qb6
15. b3 Rac8 16. a4 Rc6 17. b4 Qc7 18. Bf4 Qd7 19. Kh2 Rfc8 20. Qe2 Rc3 21. b5
a6 22. b6 Qxa4 23. Bc7 Qc6 24. f4 Bf5 25. Qd1 Bf8 26. g4 Be6 27. f5 Bd6+ 28.
Bxd6 Qxd6+ 29. Kg1 Bd7 30. f6 Qe5 31. Rf3 g5 32. Qd2 Re8 33. Rf5 Bxf5 34. Qxg5+
Bg6 0-1

[Event "XIII. DBMM 2013"]
[Site "?"]
[Date "2013.09.29"]
[Round "7.4"]
[White "Riess, Bernhard"]
[Black "Struempler, Claus"]
[Result "1-0"]
[WhiteElo "1577"]
[BlackElo "1400"]
[PlyCount "47"]
[EventDate "2013.01.19"]

1. d4 d5 2. c4 dxc4 3. e4 Nf6 4. Nc3 e6 5. Bxc4 Be7 6. Nf3 Nc6 7. O-O O-O 8.
Bg5 a6 9. e5 Nd7 10. Bxe7 Qxe7 11. a3 b5 12. Bd3 Bb7 13. b4 Nb6 14. Qc2 g6 15.
Ne4 Kh8 16. Nf6 Nd5 17. Be4 Rad8 18. Bxd5 exd5 19. Rfe1 Kg7 20. Qd2 Nb8 21. Qg5
Qe6 22. Ng4 Nd7 23. Qh6+ Kh8 24. Ng5 1-0

[Event "XIII. DBMM 2013"]
[Site "?"]
[Date "2013.09.29"]
[Round "7.1"]
[White "Fischer, Alexander"]
[Black "Kosak, Robert"]
[Result "1-0"]
[WhiteElo "2055"]
[BlackElo "2219"]
[PlyCount "81"]
[EventDate "2013.01.19"]

1. d4 e6 2. c4 d5 3. Nc3 Nf6 4. cxd5 exd5 5. Bg5 Be7 6. e3 c6 7. Bd3 Nbd7 8.
Nf3 O-O 9. O-O Re8 10. Qc2 Nf8 11. h3 Ng6 12. Ne5 Nd7 13. Bxe7 Qxe7 14. Nxg6
hxg6 15. Rae1 Nf8 16. f3 Qg5 17. Qf2 Ne6 18. Kh2 Qd8 19. Qg3 b6 20. Rc1 c5 21.
Bb5 Bd7 22. dxc5 bxc5 23. Bxd7 Qxd7 24. Rfd1 d4 25. Ne4 Qd5 26. b3 Red8 27. Rc4
Qf5 28. Nd6 Qf6 29. e4 Nf4 30. Nb7 Nh5 31. Qe1 Rdc8 32. e5 Qb6 33. Qe4 Rab8 34.
Nd6 Rc6 35. Rdxd4 Nf6 36. exf6 Rxd6 37. Rxd6 Qxd6+ 38. Qf4 Qb6 39. fxg7 Kxg7
40. Qe5+ f6 41. Qe7+ 1-0